000 00329nam a2200145Ia 4500
008 191201s2011 xx 000 0 und d
082 _a658.8
_bCAI
100 _aCATEORA,Philip R
245 0 _aInternational Marketing
250 _aRep
260 _aN. delhi
_bTMH
_c2011
300 _a888
650 _aBBA
942 _2ddc
_cBK
_01
999 _c5550
_d5550